| 000 | 00498 a2200157 4500 | ||
|---|---|---|---|
| 001 | 152493 | ||
| 040 | _cEscola São Tomás de Aquino | ||
| 100 | _aANDRADE, Carlos Drummond de | ||
| 240 | 1 | 0 |
_aDe notícias 7 não notícias faz-se a crônica: histórias, diálogos divagações _lpor |
| 245 | 1 | 0 | _aDe notícias 7 não notícias faz-se a crônica: histórias, diálogos divagações |
| 300 | _a182 | ||
| 362 | 0 | _a1975 | |
| 440 | 1 | _aJosé Olympio | |
| 697 | _aLITERATURA BRASILEIRA | ||
| 942 | _cBK | ||
| 999 |
_c152493 _d152493 |
||